| 000 | nam a22 a 4500 | ||
|---|---|---|---|
| 999 |
_c4371 _d4371 |
||
| 003 | AKMAL | ||
| 005 | 20170529111833.0 | ||
| 008 | 170529s1995 my 00 eng d | ||
| 020 |
_a9678906813 (pbk.): _cRM 15.00 |
||
| 040 | _cAKMAL | ||
| 082 | 0 | 4 | _a345.59505 CRI |
| 090 |
_a345.59505 _bCRI |
||
| 110 | 1 |
_aMalaysia _9400 |
|
| 245 | 1 | 0 |
_aCriminal procedure code (F.M.S. Cap. 6) : _b(As at 15th August 1995) / _ccompiled by Legal Research Board |
| 260 |
_aKuala Lumpur : _bInternational Law Book Services, _c1995 |
||
| 300 |
_axix, 209p. ; _c24cm |
||
| 440 |
_aLaws of Malaysia _91830 |
||
| 650 |
_aCriminal procedure _zMalaysia _93883 |
||
| 942 |
_2ddc _cBOOK |
||